Shaping women's work (Registro nro. 307694)

Detalles MARC
000 -ENCABEZADO
Número de control [NR] 00773 a2200229 4500
005 - FECHA Y HORA DE LA ÚLTIMA TRANSACCIÓN
control field 20211105120844.0
008 - DE LONGITUD FIJA DE DATOS DE ELEMENTOS - INFORMACIÓN GENERAL
Elementos de longitud fija [NR] 171115s2013 enk|||||r|||| 00| 0 eng d
020 ## - NUMERO INTERNACIONAL NORMALIZADO PARA LIBROS [R]
Número Internacional Normalizado del libro [NR] 9780582218109
020 ## - NUMERO INTERNACIONAL NORMALIZADO PARA LIBROS [R]
Número Internacional Normalizado del libro [NR] 0582218101
040 ## - FUENTE DE CATALOGACION [NR]
Agencia de catalogación original [NR] CO-BoUCM
Idioma de catalogación [NR] spa
Quien Cataloga Sandra Palacio
Quien Clasifica Sandra Palacio
041 0# - CODIGO DE IDIOMA [R]
Código de idioma para texto/pista de sonido o título separado [R] Inglés
100 1# - ASIENTO PRINCIPAL--NOMBRE PERSONAL [NR]
Nombre personal [NR] Webster, Juliet
ID Autoridad 88936
245 10 - MENCION DE TITULO [NR]
Título [NR] Shaping women's work
Parte restante del título [NR] Gender, employment and information technology
260 ## - PUBLICACION, DISTRIBUCION, ETC. (PIE DE IMPRENTA) [R]
Nombre del editor, distribuidor, etc. [R] Routledge
Fecha de publicación, distribución, etc. [R] 2013
Lugar de publicación, distribución, etc. [R] Oxon (Oxfordshire, Inglaterra)
300 ## - DESCRIPCION FISICA [R]
Extensión [R] 222 páginas
490 0# - MENCION DE SERIE [R]
Mención de serie [R] Longman sociology series
650 17 - ASIENTO SECUNDARIO DE MATERIA - TERMINO TEMATICO [R]
9 (RLIN) 19882
Término temático o nombre geográfico como elemento de entrada [NR] Mujeres
Subdivisión general [R] Empleo
650 27 - ASIENTO SECUNDARIO DE MATERIA - TERMINO TEMATICO [R]
9 (RLIN) 19882
Término temático o nombre geográfico como elemento de entrada [NR] Mujeres
Subdivisión general [R] Tecnología
650 27 - ASIENTO SECUNDARIO DE MATERIA - TERMINO TEMATICO [R]
Término temático o nombre geográfico como elemento de entrada [NR] Mujeres en la tecnología
9 (RLIN) 88054
942 ## - ELEMENTOS DE ENTRADA AGREGADOS (KOHA)
Tipo de ítem principal el descrito en 300a Libro
Sistema de clasificación DEWEY
Tema principal Sociología
Edición 1
Clasificación 306.3615
Parte restante de la signatura top. W381sw
Existencias
Total préstamos Signatura topográfica Código de barras Última vez visto Ejemplar Costo de reposición Price effective from Tipo de ítem Perdido Sistema de clasificación Dañado No prestable Tipo de ítem específico Suprimido Ubicación habitual Ubicación actual Localización Fecha de creación Proveedor Forma de adquisición Costo
  306.3615 W381sw 100155056 09/12/2025 Ej.1 201437.00 03/11/2017 Libro de reserva   DEWEY     Libro de reserva   Claustro Claustro 2do piso 03/11/2017 15 Compra 201437.00
  306.3615 W381sw 100155057 09/12/2025 Ej.2 202384.00 03/11/2017 Libro   DEWEY     Libro   Claustro Claustro 2do piso 03/11/2017 15 Compra 202384.00